000 00294nam a22001337a 4500
008 180924b xxu||||| |||| 00| 0 eng d
020 _a9780195103700
041 _aeng
080 _23rd
_a621
100 _a28
101 _aMEK
245 _aMicroelectronic Circuits
_cSedra
942 _2udc
_cBK
999 _c48386
_d48386